Las desigualdades territoriales: el caso de la marginación /
保存先:
| 第一著者: | |
|---|---|
| フォーマット: | テキスト |
| 主題: | |
| タグ: |
タグ追加
タグなし, このレコードへの初めてのタグを付けませんか!
|
MARC
| LEADER | 00000 a a2200000 04500 | ||
|---|---|---|---|
| 001 | 5371 | ||
| 003 | |||
| 040 | |||
| 100 | |a Pamplona, Francisco | ||
| 245 | |a Las desigualdades territoriales: |b el caso de la marginación / |c Francisco Pamplona | ||
| 650 | |a DESIGUALDAD SOCIAL | ||
| 650 | |a POBREZA | ||
| 650 | |a INSTRUMENTOS DE MEDICION | ||
| 650 | |a INVESTIGACION SOCIAL | ||
| 773 | |g número 334; páginas 22-35 | ||
| 999 | |c 24769 |d 24769 | ||
